000 01697nam a22002177a 4500
003 IT-MiCISF
005 20240620143700.0
008 240620b |||||||| |||| 00| 0 eng d
020 _a9788815387998
040 _cIT-MiCISF
041 _ait
100 _aGiaccardi Chiara, Magatti Mauro
_960785
245 _aGenerare libertà.
_bAccrescere la vita senza distruggere il mondo
260 _aBologna,
_bIl Mulino,
_c2024
300 _app. 171
500 _asocietà, cambiamento, rapporti-sociali, economia
520 _aLa realtà reagisce al nostro modello di sviluppo e ci sollecita con forza a cambiare. Un libro coraggioso per ridefinire il rapporto tra la libertà di ciascuno, la società e l'ambiente. Siamo tanti, viviamo meglio e più a lungo. Ma la vorticosa crescita economica dell'ultimo secolo si sta ora scontrando con le sue contraddizioni - cambiamento climatico, migrazioni, squilibri demografici, disuguaglianze - minacciando la vita stessa del pianeta e ponendo con urgenza il problema della sostenibilità. La risposta non può essere però solo tecno-economica: occorre piuttosto mettere in discussione le premesse su cui la crescita si basa, colmando un ritardo culturale nella consapevolezza che non esiste forma vivente che non sia in relazione. Lo dice la scienza e lo dicono da sempre le religioni: solo in rapporto con gli altri diventiamo noi stessi ed esercitiamo la vera libertà, in modo transitivo e generativo e non estrattivo e predatorio. È questa la logica che presiede la vita umana, personale e collettiva, e che può riaprire la strada verso una società libera, giusta e sostenibile.
650 _aSocietà
654 _asaggio
942 _2ddc
999 _c360128
_d360130